| 000 | 00809nam a2200265 i 4500 | ||
|---|---|---|---|
| 001 | bg | ||
| 100 | 1 |
_aIZYDORCZYK, Jacek _d(1964- ) |
|
| 245 | 1 | 0 |
_aTeoria sygnałów : _bwstęp / _cJacek Izydorczyk, Grzegorz Płonka, Grzegorz Tyma. |
| 260 |
_aGliwice : _b"Helion", _ccop. 1999. |
||
| 300 |
_a266, [6] s. : _brys., wykr. ; _c24 cm. |
||
| 500 | _aNa okł. podtyt.: teoria, przykłady, zadania. | ||
| 504 | _aBibliogr. przy rozdz. | ||
| 650 | 9 | _aTeoria sygnałów | |
| 650 | 9 | _aFiltry | |
| 655 | _aPodręczniki akademickie | ||
| 700 | 1 |
_aPŁONKA, Grzegorz _d(1970- ) |
|
| 700 | 1 |
_aTYMA, Grzegorz _d(1965- ) |
|
| 020 | _a8371970978 | ||
| 040 | _cBPK | ||
| 041 | 0 | _apl | |
| 080 | _a621.391:621.37:517](075.8) | ||
| 920 | _a83-7197-097-8 | ||
| 942 | _cKS | ||
| 008 | s pl f |000 0 pol | ||
| 999 |
_c37007 _d37007 |
||
| 856 |
_uhttp://koha.tu.koszalin.pl/cgi-bin/koha/opac-detail.pl?biblionumber=37007 _yKatalog online BPK |
||